Top 10 Most Circular Countries - Statistics

General Stats
  • This quiz has been taken 21 times
  • The average score is 4 of 10
Answer Stats
Hint Answer % Correct
4 Vatican City
71%
8 Swaziland
59%
1 Sierra Leone
53%
2 Nauru
47%
5 Poland
41%
10 Romania
41%
3 Zimbabwe
41%
9 Uruguay
29%
7 Suriname
12%
6 Ivory Coast
0%
No matching quizzes found
Score Distribution
Percent of People with Each Score
Percentile by Number Answered
Your Score History
You have not taken this quiz